000 00703nam a22002057a 4500
010 _aA-216299
035 _aA-216299
037 _bCen Lib / Ret
040 _aDPL
_bEN
082 _a726.1
_bMEI
245 _aEncyclopaedia of Indian temple architecture /
_cedited by Michael W. Meister
260 _aDelhi
_bAmerican Institute of Indian Studies
_c1983
270 _aAmerican Institute of Indian Studies
_bDelhi
300 _a303p.
_c32cm(Hb)
505 _av 1 Pt. 1 South India Lower Dravidasesa 200 BC-AD 1324
650 _aTemples -- India.
_924757
650 _aArchitecture -- Details.
_9142114
700 _aMeister, Michael W.
_9142115
942 _2ddc
_cEN
_h726.1
_mMEI
999 _c136317
_d136317